000 00894 a2200205 4500
001 32131
005 20260407155622.0
008 260407a1971 arg spa d
003 AR-UNSa-BCEJYS
040 _aAR-UNSa-BCEJYS
_bspa
_cAR-UNSa-BCEJYS
080 _a658.012.4
_xGestión. Dirección. Autoridad. Técnicas y métodos de gestión (gestión del conocimiento, Outsourcing, Benchmarking...)
245 1 0 _aLos secretos de los gigantes norteamericanos
264 1 _aBuenos Aires :
_bSudamericana
_c1971
300 _a226 p.
_c20 cm.
505 _a1. La fenomenología de la gran empresa norteamericana - 2. Los modelos de crecimiento - 3. El nuevo arte de dirigir - 4. El crecimiento como necesidad orgánica - 5. ¿Puede arraigar este tipo de empresas en Francia?.
942 _cBK
590 _aniveau_biblio:m niveau_hierar:0
100 1 _aHetman, François
700 1 _aLugones, Susana
999 _c2257
_d2257